000 00658nam a2200277Ia 4500
005 20260324145115.0
008 008 260324s9999 xx 000 0 eng d
020 _a9781315791333
037 _aEBOOK
040 _aCRL
040 _beng
040 _cCRL
041 _2eng
041 _aeng
084 _qCRL
100 _aCarlton Munson
_91197364
245 0 _aFamily of Origin Applications in Clinical Supervision
260 _bTaylor and Francis
260 _c1984
365 _a
365 _b34.99
856 _uhttp://www.taylorfrancis.com/books/9781315791333
942 _cEBOOK
999 _c1829234
_d1829234